000 00368nam a2200133Ia 4500
008 150202s9999 xx 000 0 und d
020 _a671873199
050 _aFIC
_bFIC
100 _aAndrews, Virginia C.
245 _aAll that glitters /
_cVirginia C. Andrews.
260 _aNew York :
_bPocket Books,
_c1995.
300 _a344 pages :
_c18 cm.
650 _aFiction.
999 _c281810
_d281810